000 00320nam a22001337a 4500
008 260324b ||||| |||| 00| 0 eng d
020 _a9789951059060
041 _aShqip
080 _a821.18
100 _a25
101 _alegjenda
245 _aLegjenda dhe rrëfime për Skënderbeun
_cNaum Prifti
942 _2udc
_cBK
999 _c60924
_d60924